000
00295nam a22001217a 4500
020
_q
PB.
040
_c
fizza ishaq
082
_a
604.2
_b
BAT
100
_a
Butt, N.D
_9
55353
245
_a
Engineering Drawing /
_c
N.D Butt
260
_a
new dehli
_b
chareter publishers,
_c
2010.
942
_2
ddc
_c
BKB
999
_c
566187
_d
566187